|
|
|
|
| LEADER |
00000nam a22000007a 4500 |
| 005 |
20140603214259.0 |
| 007 |
cr|||| |||| |
| 008 |
140603s2013 it |||||s|||| 00||0 ita d |
| 020 |
|
|
|a 978-88-6611-327-0
|
| 035 |
|
|
|a 12198
|
| 040 |
|
|
|a vLex
|
| 090 |
|
|
|c 4985
|d 4985
|
| 100 |
1 |
|
|a Alicino, Francesco
|
| 245 |
1 |
3 |
|a La legislazione sulla base di intese.
|h [Recurso electrn̤ico] :
|b I Test delle religioni "altre" e degli ateismi /
|c Francesco Alicino
|
| 256 |
|
|
|a Servicio en ln̕ea
|
| 260 |
|
|
|a Bari:
|b Cacucci Editore,
|c 2013
|
| 300 |
|
|
|a 1 recurso electrn̤ico
|
| 506 |
1 |
|
|a Disponible solo en los productos indicados
|d vLex Global
|d vLex Global (Academic Edition, excluding Law Schools)
|d vLex Global (U.S. Academic Edition, Law Schools)
|d vLex Global (U.S. Academic Edition, excluding Law Schools)
|d vLex Global (Academic Edition, Law Schools)
|
| 650 |
0 |
4 |
|a Derecho Constitucional
|z Italia
|
| 650 |
0 |
4 |
|a Filosofa̕ y religin̤
|z Italia
|
| 740 |
0 |
|
|a vLex Libros (Servicio en ln̕ea)
|
| 856 |
4 |
0 |
|u http://vlex.com/source/legislazione-base-intese-test-religioni-altre-ateismi-12198
|z Acceso restringido
|
| 942 |
|
|
|c BOOK
|
| 999 |
0 |
|
|a Constitutional Law
|
| 999 |
0 |
|
|a Philosophy and Religion
|